000 00212 a2200097 4500
001 42112
100 _aWatt, W M
245 _aMuhammad at Mecca
260 _a
_bOxford University Press
_c
090 _c26114
_d26114
942 _aNUST-CAE
_cM
_c17908
999 _c277185
_d277185